000 00882nam a2200229Ii 4500
003 JO-AjNU
008 230605s9999||||xx |||||||||||||| ||und||
017 _a2000/1/89
020 _a9957-00-089-9
040 _aJO-AjNU
_bara
_erda
_cJO-AjNU
041 _aara
050 1 4 _aLA1491.K3222 2000
100 3 _aالخزرجي، عبد السلام، م. مشارك رضية حسين الخزرجي,
_eauthor
_962239
245 0 0 _aالسياسة التربوية في الوطن العربي: الواقع والمستقبل
250 _aط1
264 3 1 _aعمان: دار الشروق للنشر والتوزيع، 2000
300 _a314ص
336 _atext
_btxt
_2rdacontent
337 _aunmediated
_bn
_2rdamedia
338 _avolume
_bnc
_2rdacarrier
650 4 _aالتعليم-البلاد العربية-التخطيط التربوي-البلاد العربية
_962240
999 _aA28174
_c31742
_d31742